| 000 | 00974nam a22002897a 4500 | ||
|---|---|---|---|
| 005 | 20260327121938.0 | ||
| 008 | 260327b2026 ag ||||| |||| 00| 0 spa d | ||
| 020 |
_aTI Sentencia N° 14/26 fecha 27/3/26 _bSEN |
||
| 110 |
_aTribunal de Impugnación _91 |
||
| 245 |
_a"CAYUPI, LEONARDO S/ABUSO SEXUAL SIMPLE Y ABUSO SEXUAL CON ACCESO CARNAL" / _cTribunal de Impugnación |
||
| 300 |
_a54p. _bpdf |
||
| 518 | _a27/03/26 | ||
| 653 | _aABUSO SEXUAL SIMPLE | ||
| 653 | _aDELITO CONTINUADO | ||
| 653 | _aARTS. 119 1ER PÁRRAFO y SS CP | ||
| 653 | _aPRINCIPIO DE CONGRUENCIA | ||
| 653 | _aTESTIMONIO ÚNICO DE LA VÍCTIMA | ||
| 653 | _aCOHERENCIA INTERNA Y EXTERNA DEL RELATO | ||
| 653 | _aCORROBORACIÓN PERIFÉRICA | ||
| 653 | _aCÁMARA GESELL | ||
| 700 |
_aMartini, Florencia María _911 |
||
| 700 | 1 |
_aSauli, Estefania _970 |
|
| 700 | 1 |
_aMacagno, Mauricio _9284 _e(DISIDENCIA EN COSTAS) |
|
| 774 | _aLEG 23120/23 | ||
| 856 | _ytexto completo | ||
| 942 |
_2ddc _cSEN |
||
| 999 |
_c1265 _d1265 |
||